神奇天路——青藏铁路沿线车站Qinghai-Xizang Railway Stations - Statistics

General Stats
  • This quiz has been taken 65 times
  • The average score is 11 of 69
Answer Stats
答案 % Correct
西宁站
98%
拉萨站
91%
格尔木站
86%
那曲站
77%
德令哈站
61%
唐古拉站
49%
沱沱河站
42%
安多站
35%
湟源站
33%
当雄站
32%
海晏站
26%
青海湖站
26%
羊八井站
26%
西宁西站
25%
刚察站
23%
乌兰站
19%
通天河站
19%
鸟岛站
14%
柯柯站
14%
锡铁山站
14%
拉萨西站
14%
玉珠峰站
12%
五道梁站
12%
哈尔盖站
11%
天棚站
11%
察尔汗站
11%
格尔木东站
11%
南山口站
11%
不冻泉站
11%
楚玛尔河站
11%
江克栋站
11%
双寨站
9%
饮马峡站
9%
达布逊站
9%
唐古拉北站
9%
唐古拉南站
9%
察汗诺站
7%
措那湖站
7%
羊八林站
7%
陶力站
5%
连湖站
5%
纳赤台站
5%
小南川站
5%
望昆站
5%
秀水河站
5%
日阿尺曲站
5%
开心岭站
5%
雁石坪站
5%
欧龙山站
4%
饮马峡西站
4%
甘隆站
4%
乌丽站
4%
布强格站
4%
岗秀站
4%
桑雄站
4%
马乡站
4%
古荣站
4%
小桥站
2%
塘岗站
2%
布玛德站
2%
扎加藏布站
2%
托居站
2%
联通河站
2%
底吾玛站
2%
妥如站
2%
古露站
2%
乌玛塘站
2%
达琼果站
2%
昂嘎站
2%
No matching quizzes found
Score Distribution
Percent of People with Each Score
Percentile by Number Answered
Your Score History
You have not taken this quiz